000 00765nam a2200229Ia 4500
003 OSt
005 20240315114823.0
008 210210b1939 xxu||||| |||| 00| 0 eng d
040 _cAL
041 _aKannada
082 _a455/5
100 _aKESHIRAJA
_dಕೇಶಿರಾಜ
_9154463
245 _aShabdamanidarpanam : linganaradhyavrutti sahitam
_b ಶಬ್ದಮಣಿದರ್ಪಣ೦ : ಲಿಂಗಣಾರಾಧ್ಯವೃತ್ತಿ ಸಹಿತ೦
260 _aMangalore
_bMadras University
_c1939
300 _a474,viii HB
650 _aShabdamani
_9154464
650 _adarpanam
_9154465
690 _aKannada Grammar
_9154466
700 _aEd: A Venkata Rao ಎ ವೆಂಕಟ ರಾವ್
_9154472
906 _a006771
942 _2ddc
_cBK
999 _c140852
_d140852